| 000 | 00588nam a2200205 a 4500 | ||
|---|---|---|---|
| 001 | 2495 | ||
| 003 | CDMR | ||
| 005 | 20151026134202.0 | ||
| 008 | 130130s1966||||||||||||||||||||||||||||d | ||
| 040 |
_aCDMR _bcat _cCDMR |
||
| 100 | 1 |
_aGaillard, Philippe _91869 |
|
| 245 | 1 | 3 |
_aLe reportage _cpar Philippe Gaillard |
| 260 |
_aPithiviers _c1966 _bInstitut Internacional de la Presse |
||
| 300 | _a149 p. | ||
| 490 | 0 | _aPrecis de Journalisme | |
| 650 | 0 | 4 |
_93352 _aReportatges |
| 650 | 0 | 4 |
_93564 _aPeriodisme _xFonts d'informació |
| 650 | 0 | 4 |
_93772 _aPeriodisme--Manuals d'estil |
| 942 |
_cMON _2udc |
||
| 999 |
_c2495 _d2495 |
||